00279nam a2200109Ia 4500008004100000020001800041041000800059082001700067100001600084245002200100260004700122230717s9999 xx 000 0 und d a1-874241-62-7 aeng a346.059bCUR aCurzon L. B aEquity And Trusts aLondonbCavendish Publishing Limitedc1993